NSIC Logo Quiz - Statistics

General Stats
  • This quiz has been taken 2 times
  • The average score is 5 of 16
Answer Stats
Picture Answer % Correct
Bemidji State
100%
Minnesota Duluth
100%
Minnesota State
100%
Augustana
50%
Concordia-St. Paul
50%
St. Cloud State
50%
Jamestown
0%
Minnesota Crookston
0%
Minot State
0%
MSU Moorhead
0%
Northern State
0%
Sioux Falls
0%
Southwest Minnesota State
0%
UMary
0%
Wayne State College
0%
Winona State
0%
No matching quizzes found
Score Distribution
Percent of People with Each Score
Percentile by Number Answered
Your Score History
You have not taken this quiz